00619 2200217 4500001002100000005001500021035002000036007000300056008004100059020002200100082001000122084001600132100003700148245009800185250001100283260003500294300002100329650002300350990001500373990001300388INLIS00000000000771920260416085917 a0010-0426000030ta260416 | | ind  a978-602-7996-61-8 a658.3 a658.3 ENG t0 aEngga Aksara Dan Tezario Vulanda1 aThe Art of Leadership, 102 Tips jadi Pemimpin Berpengaruh /cEngga Aksara Dan Tezario Vulanda aCet. 1 aYogyakarta :bLiterindo,c2020 a186 hlm ;c19 cm 4aBisnis dan Ekonomi a410.2/2023 a410/2023